jeux vidéos éxtremements mal résumés #2 - Statistiques

Statistiques générales
  • Ce quiz a été pris 342 fois
  • Le résultat moyen est 11 sur 20
Statistiques - réponses
indice réponse % Correct
un chauve terrorise des dieux de plusieurs mythologies avec son fils un peut incompétent god of war
88%
ses joueurs détestent le savon et l' extérieur de leurs chambre league of legends
77%
jeux possédant un battle royale et un mode zombie fortnite
74%
un petit bonhomme peureux s' aventure dans des manoirs hantés luigi's mansion
72%
un autre chauve traque ces cibles en se déguisant hitman
71%
un jeu d' "énigmes" avec un pistolet portail portal
70%
défend ton roi et attaque celui de ton adversaire en plaçant des troupes sur une arène clash royale
69%
un jeux d' aventure ou l' on contrôle un aventurier qui fait concurrence a tomb raider uncharted
67%
un jeux de guerre qui fait concurrence a call of duty battlefield
64%
un petit chat tombe dans une ville pleine de robots et de bactéries mutantes essaye tant bien que mal de remonter a la surface stray
60%
un homme se cryogénise pour se réveiller des années après l' apocalypse nucléaire fallout
58%
un agent de sécurité essaye de survivre quelques jours dans une pizzeria remplie de robots méchants five nights at freddy's
57%
lance ton chapeau et transforme toi en choses diverses et variées pour sauver la même personne a chaque fois mario odyssey
54%
pokémon avec des flingues palworld
50%
un jeux de course si réaliste qu' il a formé de vrais pilotes gran turismo
49%
un jeux mettant en scène un petit robot mascotte pour vous montrer les technologies PlayStation astro bot
40%
un jeux de tir en FPS ou l' on contrôle un personnage du nom de gordon freeman half life
34%
un jeux dans une ambiance calme possédant un remake, le but est de combattre des "titans" shadow of the colossus
18%
le MEILLEUR jeux dragon ball sur gamecube ! dragon ball z budokai
7%
un trophée platine en 30 minutes my name is mayo
1%
Aucun quiz correspondant
Distribution des résultats
% des personnes avec chaque résultat
Percentile par nombre de réponses
Votre historique - résultats
Vous n’avez pas pris ce quiz